[Event "Russian Championship B11 1st league 2016"]
[Site "Loo"]
[Date "2016.04.21"]
[Round "2.16"]
[White "Zhelanov, Semen"]
[Black "Shirkunov, Alexander"]
[Result "1-0"]
[WhiteElo "1275"]
[BlackElo "1556"]
[PlyCount "111"]
[EventDate "2016.04.20"]

1. e4 c6 2. Nf3 d5 3. Nc3 Bg4 4. h3 Bh5 5. exd5 cxd5 6. d4 Nc6 7. g4 Bg6 8. Bb5
e6 9. Ne5 Nge7 10. Qe2 a6 11. Bxc6+ bxc6 12. Bg5 Qb6 13. O-O-O f6 14. Nxg6 hxg6
15. Bf4 c5 16. Na4 Qc6 17. Nxc5 e5 18. Bg3 Nc8 19. Nb3 e4 20. f3 f5 21. fxe4
dxe4 22. d5 Qf6 23. Qc4 Nb6 24. Qe2 Na4 25. Rd4 Nxb2 26. Qd2 Ba3 27. Kb1 Nc4
28. Qe2 Rc8 29. c3 Nd6 30. Qxa6 Rxc3 31. Qxa3 Rxg3 32. Qa4+ Kf7 33. gxf5 gxf5
34. Qd7+ Qe7 35. Qxe7+ Kxe7 36. h4 f4 37. Nc5 Re3 38. Ne6 f3 39. Nxg7 f2 40.
Rdd1 Rf3 41. Ne6 e3 42. Nd4 Rf6 43. Ne2 Rhf8 44. Rdf1 Rg8 45. Rh3 Nc4 46. Kc2
Rfg6 47. Kd3 Rg4 48. h5 Ra8 49. h6 Nd2 50. Rxe3+ Kd6 51. Kxd2 Rxa2+ 52. Kd3 Rb4
53. Nc3 Rab2 54. Rh3 Rg4 55. Ne4+ Ke5 56. Rh5+ 1-0

[Event "Russian Championship B11 1st league 2016"]
[Site "Loo"]
[Date "2016.04.21"]
[Round "2.17"]
[White "Tetyuev, Stepan"]
[Black "Volkov, Vladislav"]
[Result "0-1"]
[WhiteElo "1238"]
[BlackElo "1545"]
[PlyCount "64"]
[EventDate "2016.04.20"]

1. e4 e6 2. d4 d5 3. exd5 exd5 4. c4 c6 5. Nc3 Nf6 6. Bg5 Be7 7. Nf3 O-O 8. Be2
h6 9. Bh4 Be6 10. O-O dxc4 11. Ne5 Qc7 12. Bg3 Bd6 13. Bxc4 Bxc4 14. Nxc4 Bxg3
15. fxg3 b5 16. Ne5 Nbd7 17. Rxf6 Nxf6 18. Qf3 b4 19. Ne4 Nxe4 20. Qxe4 c5 21.
Rc1 Rac8 22. Rxc5 Qd6 23. Rd5 Qf6 24. h3 Rc1+ 25. Kh2 Qf1 26. g4 Re1 27. Qf3
Qg1+ 28. Kg3 Re3 29. Nd7 Rxf3+ 30. Kxf3 Qf1+ 31. Kg3 Qe1+ 32. Kh2 Qe6 0-1

[Event "Russian Championship B11 1st league 2016"]
[Site "Loo"]
[Date "2016.04.21"]
[Round "2.18"]
[White "Maxin, Vladimir"]
[Black "Labutin, Matvey"]
[Result "1-0"]
[WhiteElo "1203"]
[BlackElo "1533"]
[PlyCount "47"]
[EventDate "2016.04.20"]

1. d4 d5 2. Nf3 Bf5 3. g3 e6 4. Bg2 Nf6 5. O-O Nbd7 6. c4 c6 7. Nc3 Be7 8. Bf4
O-O 9. Nd2 Nh5 10. e4 Nxf4 11. gxf4 dxe4 12. Ndxe4 Nf6 13. Nxf6+ Bxf6 14. d5
exd5 15. cxd5 Rc8 16. d6 Qd7 17. Ne4 Bxe4 18. Bxe4 Bxb2 19. Rb1 Ba3 20. Qd3
Bxd6 21. Bxh7+ Kh8 22. Bf5 Qc7 23. Qh3+ Kg8 24. Qh7# 1-0

[Event "Russian Championship B11 1st league 2016"]
[Site "Loo"]
[Date "2016.04.21"]
[Round "2.19"]
[White "Shirokikh, Ivan"]
[Black "Badazhkov, Egor"]
[Result "0-1"]
[WhiteElo "1528"]
[BlackElo "1268"]
[PlyCount "49"]
[EventDate "2016.04.20"]

1. c4 Nf6 2. Nf3 g6 3. g3 Bg7 4. Bg2 O-O 5. O-O d6 6. d3 Nbd7 7. Nbd2 e5 8. Qc2
Nh5 9. e4 f5 10. b3 Nc5 11. b4 Ne6 12. Bb2 Ng5 13. Nxg5 Qxg5 14. Nf3 Qe7 15. c5
Be6 16. Rac1 Rac8 17. Nd2 Bh6 18. exf5 gxf5 19. Bxb7 Rb8 20. Bf3 Ng7 21. Rcd1
Rxb4 22. Ba3 Rbb8 23. cxd6 cxd6 24. Nc4 Rfc8 25. Bxd6 0-1

[Event "Russian Championship B11 1st league 2016"]
[Site "Loo"]
[Date "2016.04.21"]
[Round "2.20"]
[White "Israfilov, Ali"]
[Black "Eremin, Ivan"]
[Result "1-0"]
[WhiteElo "1518"]
[BlackElo "1230"]
[PlyCount "103"]
[EventDate "2016.04.20"]

1. e4 e5 2. Nf3 Nc6 3. d4 exd4 4. Nxd4 Nf6 5. Nxc6 bxc6 6. e5 Qe7 7. Qe2 Nd5 8.
c4 Nb6 9. b3 Qe6 10. g3 d5 11. exd6 cxd6 12. Qxe6+ Bxe6 13. Bg2 d5 14. O-O g6
15. Bb2 Rg8 16. Nd2 Rc8 17. cxd5 cxd5 18. Nf3 Bg7 19. Bxg7 Rxg7 20. Rac1 h6 21.
Rxc8+ Bxc8 22. Rc1 Kd7 23. Nd4 Ba6 24. Bh3+ f5 25. g4 fxg4 26. Bxg4+ Ke8 27.
Ne6 Re7 28. Nc7+ Rxc7 29. Rxc7 h5 30. Rxa7 Bd3 31. Bf3 d4 32. Rb7 Bc2 33. Rxb6
d3 34. Rd6 Ke7 35. Rd4 Ke6 36. Be4 Ke5 37. Bxd3 Kxd4 38. Bxc2 Kc3 39. Bxg6 Kb2
40. a4 Kxb3 41. a5 Kb4 42. a6 Kb5 43. a7 Kb6 44. a8=Q h4 45. Qd5 h3 46. Be4 Kc7
47. Qc6+ Kd8 48. Qb7 Ke8 49. Bd5 Kd8 50. Be6 Ke8 51. Qf7+ Kd8 52. Qd7# 1-0

[Event "Russian Championship B11 1st league 2016"]
[Site "Loo"]
[Date "2016.04.21"]
[Round "2.21"]
[White "Lazarev, Ivan"]
[Black "Matveev, Andrey"]
[Result "1/2-1/2"]
[WhiteElo "1162"]
[BlackElo "1501"]
[PlyCount "106"]
[EventDate "2016.04.20"]

1. e4 e5 2. Nf3 Nc6 3. Bc4 Bc5 4. c3 Nf6 5. d4 exd4 6. cxd4 Bb4+ 7. Bd2 Bxd2+
8. Nbxd2 d5 9. exd5 Nxd5 10. Qb3 Qe7+ 11. Kf1 Qd7 12. Bxd5 Na5 13. Qe3+ Kd8 14.
Be4 Nc6 15. Qg5+ f6 16. Qd5 Qxd5 17. Bxd5 Nb4 18. Bb3 b6 19. a3 Ba6+ 20. Bc4
Bxc4+ 21. Nxc4 Nc6 22. g3 b5 23. Ncd2 Kd7 24. Kg2 Rad8 25. Nb3 Kc8 26. Rac1 Kb7
27. Nc5+ Kb6 28. Rhd1 Rhe8 29. d5 Ne7 30. Ne6 Rxd5 31. Rxd5 Nxd5 32. Ned4 c5
33. Nb3 c4 34. Nbd4 g6 35. Kf1 Kc5 36. b4+ Kb6 37. Re1 Rxe1+ 38. Kxe1 a5 39.
Nc2 axb4 40. axb4 g5 41. Nfd4 h5 42. h3 g4 43. hxg4 hxg4 44. Ke2 Ka6 45. f3
gxf3+ 46. Kxf3 Kb6 47. Ke4 Nc3+ 48. Kf5 Nd5 49. Ke6 Nc3 50. Kxf6 Ne4+ 51. Ke6
Nxg3 52. Na3 Nh5 53. Naxb5 Nf4+ 1/2-1/2

[Event "Russian Championship B11 1st league 2016"]
[Site "Loo"]
[Date "2016.04.21"]
[Round "2.22"]
[White "Smirnov, Saveliy"]
[Black "Razhbadinov, Rasul"]
[Result "1-0"]
[WhiteElo "1501"]
[BlackElo "1224"]
[PlyCount "117"]
[EventDate "2016.04.20"]

1. e4 e5 2. Nf3 Nc6 3. d4 exd4 4. Nxd4 Bc5 5. Be3 Qf6 6. c3 Nge7 7. Bc4 Ne5 8.
Be2 Qg6 9. Bf3 d6 10. O-O Nxf3+ 11. Qxf3 Bg4 12. Qf4 d5 13. exd5 Bd6 14. Qg5
Qxg5 15. Bxg5 Nxd5 16. Nb5 Bc5 17. c4 c6 18. cxd5 cxb5 19. Nc3 a6 20. Ne4 Be7
21. Bxe7 Kxe7 22. Rfe1 Kd8 23. Nd6 Kd7 24. Nxf7 Rhe8 25. Ne5+ Kd6 26. Nxg4 Kxd5
27. Rad1+ Kc6 28. Ne5+ Kb6 29. Rd7 Rac8 30. h3 Rg8 31. Rd2 Ka7 32. Nf3 Rc7 33.
Kh2 g5 34. Re4 h5 35. g4 Rf7 36. Ne5 Rh7 37. Rd7 Rhh8 38. Kg3 hxg4 39. Nxg4 Rh4
40. Ree7 Rb8 41. Rg7 Rh5 42. Ne5 Kb6 43. Rg6+ Ka5 44. Nf3 Rbh8 45. Nxg5 Rb8 46.
f4 Ka4 47. f5 Rf8 48. f6 b4 49. f7 Rxg5+ 50. Rxg5 b3 51. a3 b5 52. Rg8 Rxg8+
53. fxg8=Q b4 54. Rd4 Kb5 55. Qc4+ Kb6 56. Rd6+ Kb7 57. Qxa6+ Kc7 58. Qb6+ Kc8
59. Rd8# 1-0

[Event "Russian Championship B11 1st league 2016"]
[Site "Loo"]
[Date "2016.04.21"]
[Round "2.23"]
[White "Zhosan, Iannis"]
[Black "Rakitin, Daniil"]
[Result "0-1"]
[WhiteElo "1105"]
[BlackElo "1498"]
[PlyCount "188"]
[EventDate "2016.04.20"]

1. e4 e6 2. d3 d5 3. Nd2 Nf6 4. e5 Nfd7 5. Ngf3 c5 6. c3 Nc6 7. d4 Qb6 8. Nb3
c4 9. Nbd2 Qc7 10. g3 Be7 11. Bg2 Nf8 12. Nf1 Ng6 13. Ne3 Qb6 14. O-O O-O 15.
Nc2 h6 16. Rb1 Qa5 17. Ra1 Qb6 18. Rb1 Qa6 19. Ra1 Na5 20. Rb1 b5 21. Bd2 Qb6
22. Be3 a6 23. b3 Qc7 24. Nd2 Bd7 25. bxc4 Nxc4 26. Nxc4 Qxc4 27. Rb3 b4 28.
Qd2 Ba4 29. Rbb1 bxc3 30. Qd1 Qxa2 31. Ra1 Qxc2 32. Rxa4 Qxd1 33. Rxd1 a5 34.
f4 Bb4 35. Rc1 Rfc8 36. Bf2 Ra7 37. Be1 Rb7 38. Ra2 Rbc7 39. f5 Nf8 40. fxe6
fxe6 41. Rac2 Ba3 42. Ra1 Bb4 43. Rac1 Nd7 44. Bh3 Kf7 45. Rf2+ Ke7 46. Rfc2
Ba3 47. Ra1 Bb4 48. Rac1 Nb6 49. Bd2 Nc4 50. Bxc3 Bxc3 51. Rxc3 Rb8 52. Ra1 Ra7
53. Bf1 Rb4 54. Bxc4 Rxc4 55. Rca3 Rxd4 56. Rxa5 Rxa5 57. Rxa5 Re4 58. Ra7+ Kf8
59. Kf2 Rxe5 60. Ra4 Rf5+ 61. Ke3 Kf7 62. Rd4 Kf6 63. h3 Re5+ 64. Kf3 Rf5+ 65.
Ke3 Ke5 66. Rb4 Rf7 67. Rd4 Rc7 68. Rh4 Rc4 69. Rh5+ Kd6 70. g4 e5 71. g5 hxg5
72. Rxg5 Rh4 73. Rg3 d4+ 74. Kd3 Kd5 75. Rxg7 Rxh3+ 76. Kd2 Rh2+ 77. Kd1 Kc4
78. Re7 Kd3 79. Rxe5 Rh1+ 80. Re1 Rxe1+ 81. Kxe1 Kc2 82. Ke2 d3+ 83. Ke1 d2+
84. Kf2 d1=Q 85. Kg2 Qe1 86. Kf3 Kd3 87. Kf4 Qe4+ 88. Kg5 Qf3 89. Kg6 Qf4 90.
Kh7 Qg5 91. Kh8 Ke4 92. Kh7 Kf5 93. Kh8 Kg6 94. Kg8 Qd8# 0-1

[Event "Russian Championship B11 1st league 2016"]
[Site "Loo"]
[Date "2016.04.21"]
[Round "2.24"]
[White "Broderzon, Alexander"]
[Black "Kurnosov, Egor"]
[Result "1-0"]
[WhiteElo "1497"]
[BlackElo "1069"]
[PlyCount "131"]
[EventDate "2016.04.20"]

1. e4 d6 2. Nf3 g6 3. d4 Bg7 4. h3 Nd7 5. Bd3 b6 6. c3 Bb7 7. Qc2 Ngf6 8. Be3
O-O 9. O-O c5 10. Nbd2 Rc8 11. Qd1 Rc7 12. Qe2 Qa8 13. Bf4 Re8 14. Bg3 e5 15.
d5 a6 16. a4 Nh5 17. Nc4 Bf8 18. a5 Qa7 19. axb6 Nxb6 20. Nxb6 Nxg3 21. fxg3
Qxb6 22. Kh2 Ra8 23. h4 f6 24. Ng1 Bg7 25. Rf2 Ra7 26. Qg4 Bc8 27. Qf3 h5 28.
Nh3 Bg4 29. Qe3 Qb7 30. Rc2 Kh7 31. Nf2 Bh6 32. Qe1 c4 33. Nxg4 hxg4 34. Be2
Qc8 35. Qg1 Kh8 36. Bxc4 g5 37. Be2 Ra8 38. Qf1 Rf7 39. Rxa6 Rxa6 40. Bxa6 Qg8
41. Qf5 gxh4 42. gxh4 Bf4+ 43. g3 Bh6 44. Be2 Rg7 45. Qxf6 Qh7 46. Bd3 Bf4 47.
gxf4 exf4 48. Qxf4 Qxh4+ 49. Kg1 Qh5 50. Rh2 Qxh2+ 51. Qxh2+ Rh7 52. Qxh7+ Kxh7
53. e5+ Kg7 54. exd6 Kf7 55. d7 Ke7 56. Bf5 g3 57. Kg2 Kd8 58. b4 Kc7 59. b5
Kd8 60. b6 Ke7 61. b7 Kf6 62. Bh3 Ke7 63. b8=Q Kf7 64. Qe8+ Kg7 65. d8=R Kh7
66. Qg8+ 1-0

[Event "Russian Championship B11 2016"]
[Site "Loo"]
[Date "2016.04.21"]
[Round "2.1"]
[White "Makoveev, Ilya"]
[Black "Simonyan, Grigori"]
[Result "1-0"]
[WhiteElo "2137"]
[BlackElo "1589"]
[PlyCount "77"]
[EventDate "2016.04.20"]

1. d4 Nc6 2. Nf3 d6 3. c4 Bg4 4. d5 Ne5 5. Nxe5 dxe5 6. h3 Bf5 7. Nc3 Nf6 8. g4
Bg6 9. Bg2 h6 10. O-O Qd7 11. Qb3 Rb8 12. Be3 b6 13. Rad1 Bh7 14. c5 g5 15.
cxb6 axb6 16. Nb5 Bg7 17. Rc1 Rc8 18. Na7 Rb8 19. d6 Qxd6 20. Qa4+ Kf8 21. Rfd1
Qe6 22. Rc6 Bc2 23. Rxc2 e4 24. Rc6 Qe5 25. Bd4 Qa5 26. Qxa5 bxa5 27. Rxc7 Rd8
28. Nc6 Re8 29. Bc5 Ng8 30. Bxe4 Bf6 31. b4 axb4 32. Bxb4 Kg7 33. a4 Ra8 34.
Nxe7 Nxe7 35. Bxa8 Rxa8 36. Bxe7 Bxe7 37. Rxe7 Rxa4 38. e4 Kf6 39. Rdd7 1-0

[Event "Russian Championship B11 2016"]
[Site "Loo"]
[Date "2016.04.21"]
[Round "2.2"]
[White "Grunin, Denis"]
[Black "Ponomarev, Grigori"]
[Result "0-1"]
[WhiteElo "1605"]
[BlackElo "1940"]
[PlyCount "100"]
[EventDate "2016.04.20"]

1. d4 Nf6 2. c4 g6 3. Nc3 Bg7 4. e4 d6 5. f4 O-O 6. Nf3 c5 7. d5 e6 8. Bd3 exd5
9. cxd5 b5 10. O-O c4 11. Bc2 Qb6+ 12. Kh1 Nbd7 13. Qe2 Ba6 14. a3 Rfe8 15. Be3
Nc5 16. Bxc5 Qxc5 17. Qf2 Qxf2 18. Rxf2 Nd7 19. Re1 Re7 20. h3 Rae8 21. Rfe2
Bxc3 22. bxc3 Nf6 23. Nd4 Nh5 24. Nc6 Rc7 25. Rf2 Nf6 26. Rfe2 Bb7 27. Nxa7 Rc5
28. Nxb5 Rxb5 29. Ba4 Ba6 30. Bxb5 Bxb5 31. Rb2 Ba4 32. Rb4 Bb3 33. Rb6 Nxd5
34. Rxd6 Nxc3 35. e5 Nb5 36. Ra6 c3 37. Rb6 Nd4 38. Rc1 Rc8 39. Rb4 Ne2 40. Re1
Bc4 41. Rbb1 c2 42. Ra1 Bd3 43. Rac1 Nxc1 44. Rxc1 Rb8 45. a4 Rb1 46. Rxb1
cxb1=Q+ 47. Kh2 Be4 48. a5 Qe1 49. a6 Qf2 50. a7 Qxg2# 0-1

[Event "Russian Championship B11 2016"]
[Site "Loo"]
[Date "2016.04.21"]
[Round "2.3"]
[White "Vasilyev, Alexey"]
[Black "Merts, Dmitrii"]
[Result "1/2-1/2"]
[WhiteElo "1828"]
[BlackElo "1578"]
[PlyCount "88"]
[EventDate "2016.04.20"]

1. e4 c5 2. Nf3 e6 3. d4 cxd4 4. Nxd4 a6 5. Nc3 Qc7 6. g3 Nf6 7. Bg2 Nc6 8. O-O
Be7 9. Re1 O-O 10. Nxc6 dxc6 11. Be3 Rd8 12. Qe2 b5 13. Rad1 Bb7 14. f4 c5 15.
e5 Nd5 16. Nxd5 Bxd5 17. Bxd5 exd5 18. Bf2 Qc6 19. f5 Rac8 20. Qg4 Kh8 21. e6
f6 22. h4 d4 23. b3 Rd5 24. h5 Rg8 25. Re4 Qd6 26. Rd3 Re5 27. Rf4 Qc6 28. Rd2
Bd6 29. Qh4 Rd5 30. Rf3 Be5 31. Qe4 Rgd8 32. Kg2 Qe8 33. c4 R5d6 34. g4 h6 35.
Qd3 b4 36. Qe4 Qe7 37. Rfd3 a5 38. Bh4 Qf8 39. Qb7 Re8 40. Qa7 Ra8 41. Qxc5
Raa6 42. Bg3 Qa8+ 43. Rf3 Rac6 44. Qb5 Rb6 1/2-1/2

[Event "Russian Championship B11 2016"]
[Site "Loo"]
[Date "2016.04.21"]
[Round "2.4"]
[White "Kirushin, Ivan"]
[Black "Maneluk, Daniil"]
[Result "0-1"]
[WhiteElo "1592"]
[BlackElo "1801"]
[PlyCount "48"]
[EventDate "2016.04.20"]

1. e4 e6 2. d4 d5 3. Nc3 Bb4 4. Bd3 dxe4 5. Bxe4 Nf6 6. Bd3 O-O 7. Nf3 Nc6 8.
O-O b6 9. Bg5 Bb7 10. Ne4 Be7 11. Re1 h6 12. Nxf6+ Bxf6 13. Bxf6 Qxf6 14. c3
Rad8 15. Ne5 Nxe5 16. Rxe5 c5 17. Rc1 cxd4 18. cxd4 Kh8 19. Qg4 Rc8 20. Rxc8
Rxc8 21. f3 Bd5 22. Kf2 Rd8 23. b3 Qe7 24. Qf5 Qh4+ 0-1

[Event "Russian Championship B11 2016"]
[Site "Loo"]
[Date "2016.04.21"]
[Round "2.5"]
[White "Trofimov, Pavel"]
[Black "Tyurin, Artem"]
[Result "1-0"]
[WhiteElo "1748"]
[BlackElo "1532"]
[PlyCount "55"]
[EventDate "2016.04.20"]

1. d4 Nf6 2. Nf3 e6 3. e3 d5 4. Bd3 Bd6 5. Nbd2 O-O 6. O-O c6 7. c4 Nbd7 8. e4
dxe4 9. Nxe4 Nxe4 10. Bxe4 f5 11. Bc2 Nf6 12. Re1 Re8 13. b3 b6 14. Bb2 Bb7 15.
Qe2 c5 16. Rad1 Qc7 17. dxc5 Bxf3 18. Qxf3 Bxh2+ 19. Kf1 Ng4 20. g3 Qxc5 21.
Kg2 h5 22. Rd7 e5 23. Qxf5 Nf6 24. Rxg7+ Kxg7 25. Qg6+ Kf8 26. Qxf6+ Kg8 27.
Kxh2 Re7 28. Bxe5 1-0

[Event "Russian Championship B11 2016"]
[Site "Loo"]
[Date "2016.04.21"]
[Round "2.6"]
[White "Makinyan, Ruben"]
[Black "Chugunov, Vadim"]
[Result "1-0"]
[WhiteElo "1583"]
[BlackElo "1710"]
[PlyCount "121"]
[EventDate "2016.04.20"]

1. e4 e5 2. Nf3 Nc6 3. d4 exd4 4. Nxd4 Nf6 5. Nxc6 bxc6 6. e5 Qe7 7. Qe2 Nd5 8.
c4 Nb6 9. b3 g6 10. Bb2 Bg7 11. f4 Bb7 12. Nc3 O-O 13. O-O-O Rfe8 14. Qd2 Rad8
15. Bd3 d5 16. cxd5 Nxd5 17. Nxd5 cxd5 18. Qc2 Qb4 19. g3 Rc8 20. Rhe1 c5 21.
Qc3 Qb6 22. Kb1 Rc7 23. Rc1 Rec8 24. Bc2 a5 25. Ka1 Rd8 26. Qd2 Rcc8 27. h4 c4
28. Bc3 Ra8 29. Rb1 d4 30. Qf2 cxb3 31. Bxb3 Qa7 32. Red1 d3 33. Qxa7 Rxa7 34.
Rd2 Bf3 35. Bd1 Be4 36. Rb5 a4 37. Rb4 Bc6 38. Rd4 Rc8 39. R2xd3 Bb5 40. Rd8+
Rxd8 41. Rxd8+ Bf8 42. Bb4 h5 43. Bxf8 Kh7 44. Rd2 Kg8 45. Bh6 Kh7 46. Bg5 a3
47. Kb1 Rb7 48. Bb3 Ba4 49. Rd3 Bxb3 50. Rxb3 Rd7 51. Rxa3 Rd1+ 52. Kc2 Rg1 53.
Rd3 Rg2+ 54. Kb3 Kg7 55. a4 Rg1 56. a5 Ra1 57. Kb4 Rb1+ 58. Rb3 Ra1 59. Kb5 Rd1
60. a6 Rd5+ 61. Kb6 1-0

[Event "Russian Championship B11 2016"]
[Site "Loo"]
[Date "2016.04.21"]
[Round "2.7"]
[White "Makov, Artem"]
[Black "Atovmian, Artem"]
[Result "1-0"]
[WhiteElo "1547"]
[BlackElo "1682"]
[PlyCount "57"]
[EventDate "2016.04.20"]

1. d4 Nf6 2. Nf3 e6 3. Bg5 Be7 4. e3 O-O 5. Bd3 b6 6. O-O Bb7 7. Nbd2 c5 8. c3
d5 9. Ne5 c4 10. Bc2 b5 11. f4 a5 12. Qe1 Nbd7 13. Qh4 h6 14. Bxh6 Ne4 15. Qg4
Bf6 16. Nxe4 dxe4 17. h4 Kh8 18. Bg5 Bxg5 19. hxg5 Nxe5 20. fxe5 Kg8 21. Kf2 f6
22. Qxe6+ Rf7 23. g6 Bd5 24. gxf7+ Kf8 25. Qf5 Bxf7 26. Bxe4 Ra6 27. Ke2 g6 28.
Qf4 f5 29. g4 1-0

[Event "Russian Championship B11 2016"]
[Site "Loo"]
[Date "2016.04.21"]
[Round "2.8"]
[White "Kochetov, Vladislav"]
[Black "Kozachek, Stanislav"]
[Result "1-0"]
[WhiteElo "1674"]
[BlackElo "1484"]
[PlyCount "97"]
[EventDate "2016.04.20"]

1. e4 c5 2. Nf3 d6 3. c3 Nf6 4. Be2 Nc6 5. d3 g6 6. O-O Bg7 7. Re1 O-O 8. h3 a6
9. Bf1 b5 10. d4 c4 11. Bf4 e6 12. Nbd2 Bb7 13. Qc2 Qd7 14. a4 d5 15. e5 Nh5
16. Be3 Bh8 17. Bh6 Ng7 18. Nh2 Rfb8 19. Ng4 Nf5 20. Bg5 Qc7 21. Bf6 Bxf6 22.
Nxf6+ Kg7 23. g4 Nfe7 24. Qd1 Ng8 25. Qf3 Nce7 26. h4 h6 27. Rab1 Nc6 28. Qf4
b4 29. Nf3 Qe7 30. Nxg8 Rxg8 31. g5 h5 32. Qf6+ Qxf6 33. gxf6+ Kh6 34. Ng5 Rgf8
35. b3 bxc3 36. bxc4 Rab8 37. cxd5 exd5 38. Rbc1 Nxd4 39. Rxc3 Rbc8 40. Rxc8
Bxc8 41. Rc1 Be6 42. Bxa6 Ra8 43. Rd1 Nf5 44. Bb7 Rxa4 45. Bxd5 Bxd5 46. Rxd5
Ra7 47. Nf3 Rb7 48. Rd8 Nxh4 49. Rh8# 1-0

[Event "Russian Championship B11 2016"]
[Site "Loo"]
[Date "2016.04.21"]
[Round "2.9"]
[White "Krivenko, Dmitry"]
[Black "Titov, Alexander"]
[Result "1-0"]
[WhiteElo "1536"]
[BlackElo "1641"]
[PlyCount "33"]
[EventDate "2016.04.20"]

1. d4 Nf6 2. g3 d5 3. Bg2 Bf5 4. Nf3 e6 5. O-O Bd6 6. c4 c6 7. Qb3 Qc8 8. Nc3
h6 9. Bf4 Bxf4 10. gxf4 O-O 11. Rac1 Nbd7 12. Ne5 Nb6 13. cxd5 exd5 14. a4 Bh3
15. Nxd5 Nbxd5 16. Bxh3 Qxh3 17. Qxh3 1-0

[Event "Russian Championship B11 2016"]
[Site "Loo"]
[Date "2016.04.21"]
[Round "2.12"]
[White "Dudarev, Vladislav"]
[Black "Fedoseev, Ilya"]
[Result "1-0"]
[WhiteElo "1772"]
[BlackElo "1437"]
[PlyCount "85"]
[EventDate "2016.04.20"]

1. c4 Nf6 2. Nf3 e6 3. Nc3 b6 4. e4 d6 5. d4 h6 6. g3 Bb7 7. Qc2 Be7 8. Bg2 c5
9. d5 e5 10. O-O O-O 11. Nh4 Bc8 12. Nf5 Bxf5 13. exf5 Na6 14. h3 Nc7 15. g4
Nd7 16. Qd3 a6 17. Ne4 Nf6 18. Ng3 Nd7 19. Bf3 Ne8 20. Kg2 Nc7 21. Bd2 Re8 22.
Bd1 b5 23. b3 b4 24. Bc2 Nf6 25. f3 Rf8 26. h4 Nce8 27. g5 Nc7 28. gxf6 Bxf6
29. Ne4 Ne8 30. Nxf6+ Nxf6 31. Rg1 Nh5 32. f6 Nxf6 33. Kf2 Kh8 34. Bxh6 Rg8 35.
Bg5 g6 36. h5 Rg7 37. hxg6 fxg6 38. Rh1+ Kg8 39. Rag1 Qe7 40. Rh6 Rf8 41. Rxg6
Qf7 42. Bxf6 Rxg6 43. Rxg6+ 1-0

[Event "Russian Championship B11 2016"]
[Site "Loo"]
[Date "2016.04.21"]
[Round "2.13"]
[White "Lystsov, Leonid"]
[Black "Ogloblin, Ilya"]
[Result "1-0"]
[WhiteElo "1569"]
[BlackElo "1670"]
[PlyCount "119"]
[EventDate "2016.04.20"]

1. Nf3 d5 2. g3 Nc6 3. Bg2 e5 4. d3 Be6 5. O-O Nf6 6. c4 dxc4 7. Qa4 cxd3 8.
Nxe5 Bd7 9. Nxc6 bxc6 10. exd3 Be7 11. Bxc6 Bxc6 12. Qxc6+ Nd7 13. Bf4 Rc8 14.
Nc3 O-O 15. Nd5 Nf6 16. Nxe7+ Qxe7 17. Rfe1 Qd7 18. Qxd7 Nxd7 19. Rac1 c6 20.
Re7 Rfd8 21. d4 Kf8 22. Bd6 Kg8 23. d5 c5 24. Rc4 h6 25. b4 Kh7 26. bxc5 Nf6
27. Rd4 Nd7 28. Rxf7 Nxc5 29. Bxc5 Rxc5 30. Rxa7 Rdxd5 31. Rxd5 Rxd5 32. Kf1
Kg6 33. Ke2 Kh7 34. a4 Kg6 35. a5 Kh7 36. a6 Ra5 37. Kd3 Kg6 38. Ra8 Kh7 39. a7
Kg6 40. Kc4 Ra1 41. f4 Kh7 42. f5 Ra4+ 43. Kd5 Ra1 44. g4 Rd1+ 45. Ke6 Ra1 46.
Kf7 Ra2 47. h4 Ra5 48. f6 gxf6 49. Kxf6 Ra1 50. Rf8 Rf1+ 51. Ke7 Re1+ 52. Kd6
Rd1+ 53. Ke5 Ra1 54. a8=Q Rxa8 55. Rxa8 h5 56. g5 Kg7 57. Ra7+ Kg8 58. Kf6 Kh8
59. g6 Kg8 60. Ra8# 1-0

[Event "Russian Championship B11 2016"]
[Site "Loo"]
[Date "2016.04.21"]
[Round "2.14"]
[White "Putrenko, Kirill"]
[Black "Krivov, Nikita"]
[Result "1-0"]
[WhiteElo "1647"]
[BlackElo "1549"]
[PlyCount "89"]
[EventDate "2016.04.20"]

1. d4 d5 2. c4 c6 3. Nc3 Nf6 4. Nf3 dxc4 5. e4 Bg4 6. Bxc4 e6 7. Be3 Bb4 8. Qc2
Nbd7 9. Rc1 O-O 10. O-O Bxf3 11. gxf3 Nh5 12. Kh1 Qh4 13. Rg1 Rfe8 14. Ne2 Be7
15. Qb3 Rab8 16. Bxe6 fxe6 17. Qxe6+ Kh8 18. Qxd7 Rf8 19. Qg4 Rbe8 20. f4 Qxg4
21. Rxg4 Nf6 22. f3 Nxg4 23. fxg4 Bd8 24. e5 g6 25. Kg2 Kg7 26. Rf1 Kg8 27. Ng3
Bh4 28. Ne4 Be7 29. f5 gxf5 30. gxf5 Bd8 31. Nd6 Re7 32. Bh6 Rff7 33. Nxf7 Kxf7
34. Bg5 Re8 35. e6+ Kf8 36. Bxd8 Rxd8 37. f6 Rxd4 38. Kf3 Rd8 39. Kf4 a6 40.
Kf5 Re8 41. Rd1 b5 42. Rd8 c5 43. Rxe8+ Kxe8 44. Ke5 c4 45. f7+ 1-0

[Event "Russian Championship B11 2016"]
[Site "Loo"]
[Date "2016.04.21"]
[Round "2.15"]
[White "Smirnov, Yaroslav"]
[Black "Kharkevich, Stepan"]
[Result "0-1"]
[WhiteElo "1440"]
[BlackElo "1614"]
[PlyCount "132"]
[EventDate "2016.04.20"]

1. Nf3 Nf6 2. g3 c6 3. Bg2 d5 4. d3 e6 5. O-O Be7 6. Nbd2 O-O 7. e4 dxe4 8.
Nxe4 Nbd7 9. Bf4 Nd5 10. Bd6 N7f6 11. Bxe7 Qxe7 12. Nfd2 e5 13. Nxf6+ Qxf6 14.
Ne4 Qe7 15. Re1 f5 16. Nd2 Qf6 17. Nc4 Re8 18. c3 Nb6 19. Nxb6 axb6 20. Qb3+
Qe6 21. Qxe6+ Rxe6 22. Bf1 Re7 23. f4 e4 24. dxe4 Rxe4 25. Rxe4 fxe4 26. Bc4+
Kf8 27. Re1 b5 28. Bb3 Bf5 29. a3 Rd8 30. Kf2 Ke7 31. Bc2 Rd2+ 32. Re2 e3+ 33.
Kxe3 Rxe2+ 34. Kxe2 Bxc2 35. g4 Ke6 36. Ke3 c5 37. h4 Bd1 38. g5 Kf5 39. b4 b6
40. Kd2 Bh5 41. bxc5 bxc5 42. Kd3 Kxf4 43. c4 b4 44. axb4 cxb4 45. c5 Be8 46.
Kc4 Kg4 47. Kxb4 Kxh4 48. Kc4 Kxg5 49. Kd4 Kf4 50. Kd3 Kf3 51. Kd2 h5 52. Ke1
h4 53. Kf1 h3 54. Kg1 Kg3 55. c6 h2+ 56. Kf1 Kf3 57. Ke1 Ke3 58. Kd1 Kd3 59.
Kc1 Kc3 60. Kd1 Bh5+ 61. Ke1 h1=Q+ 62. Kf2 Qf3+ 63. Kg1 Qg3+ 64. Kf1 Kd3 65. c7
Ke3 66. c8=Q Be2# 0-1

[Event "Russian Championship B11 2016"]
[Site "Loo"]
[Date "2016.04.21"]
[Round "2.18"]
[White "Chalov, Egor"]
[Black "Ismagilov, Igor"]
[Result "0-1"]
[WhiteElo "1522"]
[BlackElo "1719"]
[PlyCount "162"]
[EventDate "2016.04.20"]

1. e4 c5 2. Nf3 Nc6 3. Bb5 g6 4. Bxc6 dxc6 5. O-O Bg7 6. d3 Nf6 7. Nc3 O-O 8.
Be3 b6 9. a4 Ng4 10. h3 Nxe3 11. fxe3 Qc7 12. Qe1 Bd7 13. Qf2 f5 14. Qh4 e6 15.
a5 Qd8 16. Qxd8 Rfxd8 17. e5 Rdb8 18. Na4 Bh6 19. Rfe1 Bf8 20. axb6 axb6 21.
Kf2 Ra6 22. Nc3 Rba8 23. Rxa6 Rxa6 24. e4 b5 25. exf5 gxf5 26. d4 cxd4 27. Nxd4
Bc5 28. Rd1 b4 29. Nce2 Ra2 30. b3 Kf8 31. Kf3 Ke7 32. Rd2 Be8 33. Kf4 h6 34.
Kf3 Bb6 35. Nc1 Ra1 36. Nde2 Bh5+ 37. g4 fxg4+ 38. hxg4 Bg6 39. Rd6 Be8 40. Rd2
Ra5 41. Nd3 c5 42. Kf4 Ra7 43. Ndc1 Rd7 44. Rxd7+ Kxd7 45. Ng3 Bg6 46. Ne4 Kc6
47. Ne2 Bd8 48. N2g3 Kd5 49. Nf5 exf5 50. gxf5 Be8 51. Nd6 Bh5 52. Nc4 Bg5+ 53.
Kg3 Be2 54. f6 Bxc4 55. bxc4+ Kxe5 56. f7 Be7 57. Kg4 Kf6 58. Kh5 Kxf7 59. Kxh6
Ke6 60. Kg6 Ke5 61. Kf7 Bg5 62. Kg6 Bh4 63. Kh5 Be1 64. Kg4 Kd4 65. Kf3 Kxc4
66. Ke2 Kc3 67. Kxe1 Kxc2 68. Ke2 b3 69. Ke3 b2 70. Ke4 b1=Q 71. Kd5 Kc3 72.
Kxc5 Qb4+ 73. Kd5 Qd4+ 74. Ke6 Qc5 75. Kf6 Kd4 76. Ke6 Qe5+ 77. Kf7 Qd6 78. Kg8
Qc7 79. Kf8 Ke5 80. Kg8 Kf6 81. Kh8 Qg7# 0-1

[Event "Russian Championship B11 2016"]
[Site "Loo"]
[Date "2016.04.21"]
[Round "2.19"]
[White "Ryabov, Georgi"]
[Black "Toropov, Lev"]
[Result "1/2-1/2"]
[WhiteElo "1715"]
[BlackElo "1466"]
[PlyCount "94"]
[EventDate "2016.04.20"]

1. e4 c5 2. Nf3 a6 3. d4 cxd4 4. Nxd4 Nf6 5. Nc3 e5 6. Nf3 Nc6 7. Bg5 Bb4 8.
Bd3 Qa5 9. Qd2 Bxc3 10. bxc3 Nh5 11. O-O h6 12. Be3 Nf6 13. a4 O-O 14. Rfb1 Qc7
15. h3 d6 16. Qe2 Be6 17. Rb2 Na5 18. Rab1 Qxc3 19. Bd2 Qc7 20. Rb6 Nc4 21.
Rxb7 Qc6 22. Be1 Rfc8 23. a5 Rc7 24. R7b4 Rac8 25. Ra1 Nh5 26. Nd2 Nf4 27. Qf3
Nxd3 28. cxd3 Nxd2 29. Bxd2 Qc2 30. Qe3 f5 31. Rb6 f4 32. Qe2 Rc6 33. Rc1 Qa4
34. Rcxc6 Rxc6 35. Rxc6 Qxc6 36. Bb4 d5 37. f3 dxe4 38. dxe4 Bc4 39. Qd2 Kf7
40. Kf2 Kg6 41. Qd6+ Qxd6 42. Bxd6 Kf6 43. Bc7 Bb5 44. g3 g5 45. h4 fxg3+ 46.
Kxg3 gxh4+ 47. Kxh4 Be2 1/2-1/2